01160nam a2200241Ia 4500008004100000020001400041040008300055041000800138245009700146260008200243300002400325504005300349650005500402650005300457650002200510650004000532650004100572651006500613651006500678700003200743700002900775856011400804130821s2006 xxu gr eng  a822959135 aCo-BoUCMbspacAngélica Rojas (modificó)dAldemar Mondragón (modificó)00aeng00aPublic security and police reform in the Americasceditado por John Bailey y Lucía Dammert aPittsburg (Pensilvania, Estados Unidos)bUniversity of Pittsburgh Pressc2006 axiii, 322 páginas aIncluye referencias bibliográficas e índices 7aAdministración de la policíazAmérica Latina 7aAdministración de la policíazEstados Unidos 7aDemocratización 7aPolicíaxPolítica gubernamental 7aSeguridad nacionalzAmérica Latina 4aAmérica LatinabRelaciones internacionaleszEstados Unidos 4aEstados UnidosbRelaciones internacionaleszAmérica Latina1 aBailey, Johnd1944-eeditor1 aDammert, Lucíaeeditor4 zConsulte las tablas de contenido haciendo clic aquíuhttp://www.loc.gov/catdir/toc/ecip0516/2005020900.html